Just a little bit / (Record no. 2033)

MARC details
000 -LEADER
fixed length control field 01092pam a2200349 a 4500
001 - CONTROL NUMBER
control field 2033
003 - CONTROL NUMBER IDENTIFIER
control field FISKH
005 - DATE AND TIME OF LATEST TRANSACTION
control field 20231101115917.0
008 - FIXED-LENGTH DATA ELEMENTS--GENERAL INFORMATION
fixed length control field 920814s1993 maua j 000 1 eng
010 ## - LIBRARY OF CONGRESS CONTROL NUMBER
LC control number 92031857
020 ## - INTERNATIONAL STANDARD BOOK NUMBER
International Standard Book Number 0395515270 :
020 ## - INTERNATIONAL STANDARD BOOK NUMBER
International Standard Book Number 043920240X
040 ## - CATALOGING SOURCE
Original cataloging agency DLC
Transcribing agency DLC
Modifying agency DLC
Language of cataloging eng
042 ## - AUTHENTICATION CODE
Authentication code lcac
050 00 - LIBRARY OF CONGRESS CALL NUMBER
Classification number PZ7.T598
Item number Ju 1993
082 00 - DEWEY DECIMAL CLASSIFICATION NUMBER
Classification number 818
Edition number 20
100 1# - MAIN ENTRY--PERSONAL NAME
Personal name Tompert, Ann.
245 10 - TITLE STATEMENT
Title Just a little bit /
Statement of responsibility, etc. Ann Tompert ; illustrated by Lynn Munsinger.
260 ## - PUBLICATION, DISTRIBUTION, ETC.
Place of publication, distribution, etc. New York :
Name of publisher, distributor, etc. Scholastic,
Date of publication, distribution, etc. 1993.
300 ## - PHYSICAL DESCRIPTION
Extent 32 unnumbered pages :
Other physical details color illustrations ;
Dimensions 26 cm
505 ## - FORMATTED CONTENTS NOTE
Formatted contents note J<br/>
520 ## - SUMMARY, ETC.
Summary, etc. When Mouse and Elephant decide to go on the seesaw, Mouse needs a lot of help from other animals before they can go up and down.
521 8# - TARGET AUDIENCE NOTE
Target audience note 480<br/>
Source Lexile AD<br/>
521 8# - TARGET AUDIENCE NOTE
Target audience note J<br/>
Source Raz-Plus
650 #1 - SUBJECT ADDED ENTRY--TOPICAL TERM
Topical term or geographic name entry element Seesaw
General subdivision Fiction.
650 #1 - SUBJECT ADDED ENTRY--TOPICAL TERM
Topical term or geographic name entry element Mice
General subdivision Fiction.
650 #1 - SUBJECT ADDED ENTRY--TOPICAL TERM
Topical term or geographic name entry element Elephants
General subdivision Fiction.
650 #1 - SUBJECT ADDED ENTRY--TOPICAL TERM
Topical term or geographic name entry element Animals
General subdivision Fiction.
700 1# - ADDED ENTRY--PERSONAL NAME
Personal name Munsinger, Lynn,
Relator term illustrator
906 ## - LOCAL DATA ELEMENT F, LDF (RLIN)
a 7
b cbc
c orignew
d 1
e ocip
f 19
g y-gencatlg
942 ## - ADDED ENTRY ELEMENTS (KOHA)
Source of classification or shelving scheme Dewey Decimal Classification
Koha item type Books
Suppress in OPAC No
Holdings
Withdrawn status Lost status Source of classification or shelving scheme Damaged status Not for loan Collection Home library Current library Shelving location Date acquired Total Checkouts Full call number Barcode Date last seen Date last checked out Copy number Price effective from Koha item type
    Dewey Decimal Classification     Fiction Footprints International School Library Network Toul Kork Campus Footprints International School Library Network Toul Kork Campus TK Primary Library Room(4th Floor), Bookcase 1&2, Shelves 1-16, Dark Blue Books 11/01/2023 1 TOM 818 PZ7.T598 FISBK05595 01/25/2024 01/11/2024 1 11/01/2023 Books
    Dewey Decimal Classification     Fiction Footprints International School Library Network Toul Kork Campus Footprints International School Library Network Toul Kork Campus TK Primary Library Room(4th Floor), Bookcase 1&2, Shelves 1-16, Dark Blue Books 11/01/2023 1 TOM 818 PZ7.T598 FISTK00673 04/24/2024 03/19/2024 2 11/01/2023 Books